Sports Quiz

Random Sports Quiz

Manchester United Complete Trivia Quiz Stats

 Plays Quiz not verified by Sporcle

Challenge
Share
Tweet
Embed
Score 0/23 Timer 07:00
0 Plays Today
Question Answer % Correct
What is their nickname?The Red Devils
97.7%
What is the name of the team's stadium?Old Trafford
97.7%
Who is the current manager of Man U?Sir Alex Ferguson
96.9%
In what year did Manchester United win 'The Treble' (Premier League, FA Cup, and UEFA CHampions League)1998-1999
94.6%
What is Manchester United's full name?Manchester United Football Club
93.8%
Who is the owner of Manchester United?Glazer Family
90.3%
How many times have they won the Premier League?11
89.5%
How many times has Man U won the UEFA champions League?3
89.5%
Name Manchester United's current kit manufacturerNike
88.8%
Who has the most total appearances for the club in all matches (league and cup combined)?Ryan Giggs
84.9%
Who is the longest serving manager by match?Sir Alex Ferguson
81.8%
Name the club's current shirt sponsorAon
81.4%
Question Answer % Correct
Who has the all-time record for goals scored for Manchester United?Bobby Charlton
81.4%
Name the club's first shirt sponsorSharp Electronics
80.6%
Who is the current team vice-captain?Ryan Giggs
79.1%
Who is the current team captain?Gary Neville
78.7%
For which player did Man U pay a 30.75 million euro transfer fee (the highest amount the club has ever paid for a player)? Dimitar Berbatov
78.7%
Name the club's third shirt sponsorAIG
76%
In how many seconds did Ryan Giggs score the team's fastest goal?15 seconds
74.4%
Who is the longest serving manager by time?Matt Busby
74.4%
Who has the most appearances for the club in league matches?Bobby Charlton
74%
Name the club's second shirt sponsorVodafone
72.1%
When was the team founded?1878
71.7%

You're not logged in!

Compare scores with friends on all Sporcle quizzes.
Join for Free
OR
Log In

You Might Also Like...

Show Comments

Extras

Created Aug 24, 2010ReportNominate

Top Quizzes Today


Score Distribution

Your Account Isn't Verified!

In order to create a playlist on Sporcle, you need to verify the email address you used during registration. Go to your Sporcle Settings to finish the process.

Report this User

Report this user for behavior that violates our Community Guidelines.

Details: